Dove : speculum anni à partu virginis MDCLI, or, an almanack for the yeare of our Lord God 1651 ...

Bibliographic Details
Main Author: Dove, Jonathan
Format: Microform Book
Language:English
Series:Early English books, 1641-1700 ; 1028:16.
Subjects:

MARC

Tag First Indicator Second Indicator Subfields
LEADER 00000cam a2200000 a 4500
001 in00000891763
005 20150923140921.0
007 hd afv---baca
007 hd bfv---baaa
008 851101s1651 miu a 00010 eng d
035 |a (OCoLC)12748098 
035 |9 AEL4732AM 
037 |a CL0037000034  |b University Microfilms International 
037 |b University Microfilms International, 300 N. Zeeb Rd., Ann Arbor, MI 48106 
040 |a EAF  |c EAF  |d m/c  |d UtOrBLW 
043 |a e-uk-en 
045 1 |b d 1651 
049 |a TXAI 
090 |a AY751  |b .D68 1651 
099 |a film   |a  B   |a  3609 
100 1 |a Dove, Jonathan. 
245 1 0 |a Dove :  |b speculum anni à partu virginis MDCLI, or, an almanack for the yeare of our Lord God 1651 ... 
264 3 |a Cambridge :  |b Printed by the printers to the Universitie,  |c 1651. 
300 |a 47 unnumbered pages 
336 |a text  |b txt  |2 rdacontent 
337 |a microform  |b h  |2 rdamedia 
338 |a microfilm reel  |b hd  |2 rdacarrier 
500 |a Reproduction of original in the Bodleian Library. 
510 4 |a Wing  |c A1598. 
533 |a Microfilm.  |b Ann Arbor, Mich. :  |c University Microfilms International,  |d 1980  |e 1 microfilm reel ; 35 mm.  |f (Early English books, 1641-1700 : 1028:16) 
500 |a Microform. 
650 0 |a Almanacs, English. 
650 0 |a Ephemerides. 
650 0 |a Astrology  |v Early works to 1800. 
740 0 |a Speculum anni à partu virginis MDCLI. 
740 3 |a An almanack for the year of our Lord God, 1651. 
830 0 |a Early English books, 1641-1700 ;  |v 1028:16. 
999 |a MARS 
999 f f |s 1cee2de9-7321-3112-b3cf-1b0dfeecdcb7  |i b9ac2c3f-c051-359b-ad54-270d5a0ed629  |t 0 
952 f f |p default  |a Texas A&M University  |b College Station  |c Sterling C. Evans Library  |d Evans: Microforms (3rd floor)  |t 0  |e film B 3609 1028:16  |h Other scheme  |i microform -- microfilm reel 
998 f f |a film B 3609 1028:16  |t 0  |l Evans: Microforms (3rd floor)